000 00439nam a22001457a 4500
999 _c3627
_d3627
008 200623b ||||| |||| 00| 0 eng d
082 0 0 _a770
_bH8931
110 _92990
_aScientific Film Association, London
245 1 0 _aScientific film review
_cScientific Film Association, London
260 _aLondon
_bScientific Film Association, London
_c1956
300 _a114p.
365 _d3.00
650 0 _aMotion pictures in science
942 _cBK